LEADER 01536nam a2200277 i 4500 001 000000067799 003 CaOOAMICUS 005 20100604000000.0 008 100604s1968 xx u000 u fre u 013 $a38971 040 $aSeMil$bita 100 1 $aTillich, Paul Johannes,$d<1886-1965>.$0(OLS)http://semarc/name/1471 240 10$aChristianity and the encounter of the world religions ; Autobiographical reflexions.$0(OLS)http://semarc/title/108097 245 13$aLe christianisme et les religions ; précédé de Réflexions autobiographiques /$cPaul Tillich ; traduit de l'anglais par Fernand Chapey. 260 $aParis :$bAubier-Montaigne,$c1968. 300 $a172 p. ;$c18 cm. 490 0 $aLa philosophie en poche 500 $aLe "Réflexions autobiographiques" sono la prima parte de "The theology of Paul Tillich" apparsa nel 1952; "Le christianisme et les religions" riunisce 4 conferenze tenute nel 1961. 600 14$aTillich, Paul <1886-1965>.$0(OLS)http://semarc/subject/9267 650 4$aCristianesimo e religioni non cristiane.$0(OLS)http://semarc/subject/3360 700 1 $aChapey, Fernand.$0(OLS)http://semarc/name/30533 830 3$aLa philosophie en poche.$0(OLS)http://semarc/title/14915 850 $aSeMil 852 $aSeMil$W1$xVenegono$y1$m2O I 273$j33952$B33952$CSeMilBibl$Z2$F33955 $81 996 $6245$aLe christianisme et les religions ; précédé de Réflexions autobiographiques$9(OLS)http://semarc/title/108096 996 $6260$aParis :$bAubier-Montaigne$9(OLS)http://semarc/publisher/29782 LEADER 01190nam a2200265 4500 001 000000345636 003 CaOOAMICUS 005 20210429145300.0 008 210429s2010 it 000 u ita r 020 $a978-88-215-6867-1 040 $aSeMil$bita 100 1 $aLohfink, Gerhard,$d<1934-2024>.$0(OLS)http://semarc/name/17282 240 10$aWelche Argumente hat der neue Atheismus?.$0(OLS)http://semarc/title/434782 245 10$aDio non esiste! :$bgli argomenti del nuovo ateismo /$cGerhard Lohfink. 264 1$aCinisello Balsamo :$bSan Paolo,$c2010. 300 $a173 p. ;$c21 cm 490 1 $aAttualità e storia ;$v107 650 4$aAteismo - Atteggiamento [del] Cristianesimo.$0(OLS)http://semarc/subject/50331 830 0$aAttualità e storia ;$v107.$0(OLS)http://semarc/title/5888 850 $aSeMil 852 $aSeMil$W1$xVenegono$y1$m2D III 421$j225867$B236694$CSeMilBibl$Z2$F236694 $81 996 $6020$a978-88-215-6867-1$9(OLS)http://semarc/number/293030 996 $6245$aDio non esiste! :$bgli argomenti del nuovo ateismo$9(OLS)http://semarc/title/434781 996 $6264$aCinisello Balsamo :$bSan Paolo$9(OLS)http://semarc/publisher/30129